书目信息 |
| 题名: |
生态学常用实验研究方法与技术
|
|
| 作者: | 章家恩 主编 | |
| 分册: | ||
| 出版信息: | 北京 化学工业出版社 2007 |
|
| 页数: | 318页 | |
| 开本: | 26cm | |
| 丛书名: | ||
| 单 册: | ||
| 中图分类: | Q14-33 | |
| 科图分类: | ||
| 主题词: | 生态学--实验 | |
| 电子资源: | ||
| ISBN: | 978-7-5025-9859-4 | |
| 000 | 00926nam0 2200253 450 | |
| 001 | 012004134993 | |
| 005 | 20070720100258.31 | |
| 009 | 012004134993 | |
| 010 | @a978-7-5025-9859-4@dCNY39.80 | |
| 035 | @a(110017)062007021538 | |
| 100 | @a20070515d2007 em y0chiy0110 ea | |
| 101 | 0 | @achi |
| 102 | @aCN@b110000 | |
| 105 | @aa z 000yy | |
| 106 | @ar | |
| 200 | 1 | @a生态学常用实验研究方法与技术@Asheng tai xue chang yong shi yan yan jiu fang fa yu ji shu@f章家恩主编@Fzhang jia en zhu bian |
| 210 | @a北京@c化学工业出版社@d2007 | |
| 215 | @a318页@c图@d26cm | |
| 330 | @a本书共分111章,内容包括:生态学的学科属性、分类以及生态学实验研究方法的基本特点和内容体系;生态环境因子的野外观测技术与基本方法;植物生态学的相关研究方法;动物生态学的实验观测研究方法与技术等。 | |
| 606 | 0 | @a生态学@x实验 |
| 690 | @aQ14-33@v4 | |
| 701 | 0 | @a章家恩@Azhang jia en@4主编 |
| 801 | 0 | @aCN@b110017@c20070720 |
| 905 | @dQ14-33@e131@f5 | |
| 生态学常用实验研究方法与技术/章家恩主编.-北京:化学工业出版社,2007 |
| 318页:图;26cm |
| ISBN 978-7-5025-9859-4:CNY39.80 |
| 本书共分111章,内容包括:生态学的学科属性、分类以及生态学实验研究方法的基本特点和内容体系;生态环境因子的野外观测技术与基本方法;植物生态学的相关研究方法;动物生态学的实验观测研究方法与技术等。 |
| ● |
| 相关链接 |
|
|
|
|
正题名:生态学常用实验研究方法与技术
索取号:Q14-33/131
 
预约/预借
| 序号 | 登录号 | 条形码 | 馆藏地/架位号 | 状态 | 备注 |
| 1 | 0850252 | 208502529 | 第二样本阅览室/ [索取号:Q14-33/131] | 在馆 | |
| 2 | 0850253 | 208502538 | 第三借阅区/ [索取号:Q14-33/131] | 在馆 | |
| 3 | 0850254 | 208502547 | 第三借阅区/ [索取号:Q14-33/131] | 在馆 | |
| 4 | 0850255 | 208502556 | 第三借阅区/ [索取号:Q14-33/131] | 在馆 | |
| 5 | 0850256 | 208502565 | 第三借阅区/ [索取号:Q14-33/131] | 在馆 |